Online
Catalog
Normal view MARC view

Entry Término temático

Number of records used in: 2

001 - NÚMERO DE CONTROL

  • campo de control: 79140

003 - IDENTIFICADOR DEL NÚMERO DE CONTROL

  • campo de control: BNPHU

005 - FECHA Y HORA DE LA ÚLTIMA TRANSACCIÓN

  • campo de control: 20250314132723.0

008 - DATOS DE LONGITUD FIJA

  • campo de control de longitud fija: 210708|| aca||aabn | a|a d

010 ## - NÚMERO DE CONTROL DE LA BIBLIOTECA DEL CONGRESO

  • Número de control de LC: sh 85056091

040 ## - FUENTE DE LA CATALOGACIÓN

  • Centro catalogador/agencia de origen: DO-SdBNP
  • Lengua de catalogación: spa
  • Centro/agencia transcriptor: BNPHU
  • Normas de descripción: rda

150 ## - ENCABEZAMIENTO--TÉRMINO DE MATERIA

  • Término de materia o nombre geográfico como elemento de entrada: Política gubernamental

260 ## - REFERENCIA COMPLEJA DE VÉASE--MATERIA

  • Texto explicativo: la subdivisión
  • Encabezamiento referido a: Política gubernamental
  • Texto explicativo: bajo clases de personas, grupos étnicos y epígrafes temáticos no intrínsecamente gubernamentales; y encabezamientos del tipo [Tema] y política de estado y [Tema], por ejemplo
  • Encabezamiento referido a: Ciencia y Estado; Política económica

450 ## - TRAZADO DE VÉASE--TÉRMINO DE MATERIA

  • Término de materia o nombre geográfico como elemento de entrada: Government policy

670 ## - FUENTE DE DATOS ENCONTRADOS

  • Cita de la fuente: Work cat.: (DO-SdBNP)38810: República Dominicana Ministerio de Economía, Planificación y Desarrollo 33484, Plan nacional plurianual del sector público 2013-2016 /, 2012.

670 ## - FUENTE DE DATOS ENCONTRADOS

  • Identificador Uniforme del Recurso: https://librunam.dgb.unam.mx:8443/F/Q65NDITSXFFYCA8VLS4QYTQGK1TUDDT8MEYVC12L7CVES3DB2M-20092?func=full-set-set&set_number=005568&set_entry=000001&format=001 Consultado en 13 de Marzo, 2025

670 ## - FUENTE DE DATOS ENCONTRADOS

  • Identificador Uniforme del Recurso: https://authorities.loc.gov/cgi-bin/Pwebrecon.cgi?AuthRecID=4707532&v1=1&HC=1&SEQ=20250314130358&PID=ofTs2m6kcNf4KNIn4P-Mt4fnLvf Consultado en 13 de Marzo, 2025

Powered by Koha